| Tag |
First Indicator |
Second Indicator |
Subfields |
| LEADER |
00000cam a2200000Ia 4500 |
| 001 |
in00004530272 |
| 005 |
20191205081710.0 |
| 008 |
790518s1977 xx a bm 000 0 ger |
| 029 |
1 |
|
|a NLGGC
|b 802916562
|
| 029 |
1 |
|
|a GEBAY
|b 11284579
|
| 029 |
1 |
|
|a DEBSZ
|b 00685124X
|
| 035 |
|
|
|a (OCoLC)ocm04980559
|
| 035 |
|
|
|a (OCoLC)4980559
|
| 035 |
|
|
|z (UtOrBLW)62360
|
| 035 |
|
|
|a 89614
|
| 040 |
|
|
|a AGL
|b eng
|c AGL
|d OCLCQ
|d CUX
|d GEBAY
|d OCLCO
|d OCLCF
|d UtOrBLW
|
| 041 |
0 |
|
|a ger
|b eng
|
| 049 |
|
|
|a TMVM
|
| 072 |
|
0 |
|a 3005
|
| 100 |
1 |
|
|a Kraussmüller, Monika,
|d 1949-
|
| 242 |
1 |
0 |
|a Documentation of the second horse medicine book from the Landenburg manuscript.
|y eng
|
| 245 |
1 |
0 |
|a Dokumentation des zweiten Rossarzneibuches aus der Langenburger Handschrift /
|c von Monika Kraussmüller.
|
| 264 |
|
1 |
|a [Place of publication not identified] :
|b [publisher not identified],
|c 1977.
|
| 300 |
|
|
|a 162 pages :
|b illustrations ;
|c 21 cm.
|
| 336 |
|
|
|a text
|2 rdacontent
|b txt
|
| 337 |
|
|
|a unmediated
|2 rdamedia
|
| 338 |
|
|
|a volume
|2 rdacarrier
|b nc
|
| 502 |
|
|
|b doctoral
|c Universität München
|d 1977.
|
| 546 |
|
|
|a German with English summary.
|
| 500 |
|
|
|a Vita.
|
| 504 |
|
|
|a Includes bibliographical references (pages 159-162).
|
| 650 |
|
0 |
|a Horses
|x Diseases
|x Treatment
|v Early works to 1800.
|
| 650 |
|
0 |
|a Veterinary medicine
|v Early works to 1800.
|
| 650 |
|
7 |
|a Rossarzneibuch.
|2 swd
|
| 650 |
|
7 |
|a Horses
|x Diseases
|x Treatment.
|2 fast
|0 (OCoLC)fst00960632
|
| 650 |
|
7 |
|a Veterinary medicine.
|2 fast
|0 (OCoLC)fst01165977
|
| 655 |
|
7 |
|a Early works.
|2 fast
|0 (OCoLC)fst01411636
|
| 994 |
|
|
|a C0
|b TMV
|
| 999 |
|
|
|a MARS
|
| 999 |
f |
f |
|s 4e92dde4-04f6-34d1-b25d-84da78437c21
|i 4c2a59e8-b988-3fba-915b-9bbd024b7b90
|t 0
|
| 952 |
f |
f |
|p preservation
|a Texas A&M University
|b J.J. Pickle Campus
|c High Density Repository
|d Remote Storage
|t 0
|e German dissertations
|h Other scheme
|i unmediated -- volume
|m 3238902451778
|
| 998 |
f |
f |
|a German dissertations
|t 0
|l Remote Storage
|